000 01664nam a22002897a 4500
003 UA-OsUOA
001 65118
007 ta
008 20091113b un ||||| |||| 00| 0 ukr d
100 _aШтейнбук Ф. М.
090 _a37.012:82.09
_bШ88
942 _cBK
040 _aUA-OsUOA
_bukr
_cUA-OsUOA
_dUA-OsUOA
245 _aМетодика викладання зарубіжної літератури у школі
300 _a316 с.
955 _a2
041 _aukr
080 _a37.012:82.09
020 _a966-351-168-0
520 3 _aадання. Матеріал посібника спрямований на підготовку спеціалістів, які одночасно були б і фахівцями-професіоналами, і нестандартно мислячими, творчими особистостями. Стислий зміст. Розділ І. Етапи та особливості становлення курсу "Зарубіжна літера
520 3 _aтура" в школі. Розділ ІІ. Методи вивчення зарубіжної літератури в школі. Розділ ІІІ. Шкільний аналіз художніх творів на уроках зарубіжної літератури. Розділ IV. Учитель літератури. Розділ V. Урок зарубіжної літератури в сучасній школі. Розділ VI. Етап
520 3 _a
520 3 _a
260 _aК.
_bКондор
_c2005
650 7 _a37.0 Основні види та принципи освіти
_2UDC
999 _c351233
_d351233